[Event "RUS-chT 05th"]
[Site "Maikop"]
[Date "1998.06.07"]
[Round "5"]
[White "Fominyh, Alexander"]
[Black "Kobalia, Mihail"]
[Result "1/2-1/2"]
[WhiteElo "2530"]
[BlackElo "2500"]
[Annotator "Tsesarsky,I"]
[PlyCount "75"]
[EventDate "1998.06.03"]
[EventType "team-tourn"]
[EventRounds "11"]
[EventCountry "RUS"]
[SourceTitle "CBM 066"]
[Source "ChessBase"]
[SourceDate "1998.09.30"]
[SourceVersion "1"]
[SourceVersionDate "1998.09.30"]
[SourceQuality "1"]
[WhiteTeam "Elista Uralan"]
[BlackTeam "Moscow Apiko-Yakimanka"]
[WhiteTeamCountry "RUS"]
[BlackTeamCountry "RUS"]

1. d4 d5 2. c4 c6 3. Nf3 Nf6 4. Qc2 e6 5. Bg5 Nbd7 6. Nbd2 (6. cxd5 exd5 (6...
cxd5 7. Nc3 Be7 8. e3 a6 9. Bd3 h6 (9... b5 10. O-O Bb7 11. a4 b4 12. Nb1 a5
13. Qe2 h6 14. Bh4 Ne4 15. Bxe7 Kxe7 16. Nbd2 $16 {1/2-1/2 Nielsen,P-Luther,T/
Minsk 1994 (25)}) 10. Bf4 O-O 11. g4 Ne4 12. Nxe4 dxe4 13. Bxe4 $14 {1-0
Cebalo,M-Zorman,V/Pula PCA op 1994 (31)}) 7. e3 Qa5+ (7... Bd6 8. Bd3 h6 9. Bh4
Nf8 10. Nc3 Be6 11. Rb1 N8d7 12. b4 Qe7 13. b5 $14 {Kouatly,B-Roos,L/FRA-chT
1989/1-0 (43)}) 8. Nbd2 Ne4 9. Bh4 Bb4 10. Bd3 f5 11. a3 O-O 12. O-O Bd6 13.
Bg3 $14 {Lobron-Sevillano/Moscow ol 1994/1-0 (44)}) (6. e3 h6 7. Bh4 Qa5+ 8.
Nc3 Bb4 9. Bd3 dxc4 10. Bxc4 Nd5 11. Rc1 N7b6 12. Bb3 Nxc3 13. bxc3 Ba3 14. Rb1
O-O 15. O-O Nd5 16. c4 $14 {1-0 Fernandes,A-Cordeiro,V/Team Championships,
Lisbon POR 1998 (26)}) 6... h6 (6... Qa5 7. Bxf6 (7. a3 dxc4 (7... Ne4 8. Bf4
h6 9. h4 Ndf6 10. c5 Qd8 11. Ne5 Be7 12. Nxe4 Nxe4 13. g3 Bd7 14. Bg2 Nf6 15.
g4 $14 {Brenninkmeijer,J-Feinstein,M/New York op 1993/1-0 (65)}) 8. Qxc4 c5 9.
dxc5 Qxc5 10. e3 Qxc4 11. Bxc4 Bd6 12. Ke2 Nb6 13. Bd3 Bd7 14. Rhc1 $14 {
1-0 Kharlov,A-Yasinsky,V/RUS-ch Elista 1994 (34)}) 7... Nxf6 8. e3 (8. g3 Ne4
9. Bg2 Bb4 10. a3 e5 11. cxd5 Bf5 12. O-O Bxd2 (12... Nxg3 13. e4 Nxf1 14. Nxf1
Bc8 15. Nxe5 $16) 13. Nh4 (13. dxc6 Nxg3 14. cxb7 Rb8 15. Qxd2 Qxd2 16. Nxd2
Nxf1 17. Nxf1 exd4 18. Rd1 d3 19. exd3 $132) (13. g4 Bg6 14. dxc6 Ng5 15. cxb7
Nxf3+ 16. Bxf3 Rd8 17. Qc6+ Ke7 18. b4 Qb6 19. dxe5 $132) 13... Nxg3 14. Nxf5
Nxf1 15. dxc6 (15. Rxf1 cxd5 (15... Bg5 16. dxc6 $16) 16. b4 $16) 15... O-O (
15... Nxh2 16. cxb7 $18) 16. cxb7 Rab8 17. Ne7+ Kh8 18. Rxf1 $16 {1-0 Korchnoi,
V-Ljubojevic,L/London P&D 1980 (36)}) 8... c5 9. cxd5 Nxd5 10. Be2 cxd4 11.
Nxd4 Bb4 12. N4b3 Qc7 13. Qxc7 Nxc7 14. Rc1 Nd5 15. Bf3 Bd7 16. Bxd5 exd5 17.
Nd4 Ke7 18. Ke2 Rac8 $11 {Averbakh,Y-Nei,I/URS-ch27 Leningrad 1960/1/2-1/2 (41)
}) (6... Be7 7. e3 (7. g3 O-O 8. Bg2 b6 9. O-O Bb7 10. e4 dxe4 11. Nxe4 Nxe4
12. Bxe7 Qxe7 13. Qxe4 Nf6 14. Qe3 $14 {Teske,H-Nogly,C/4th Open, Wichern GER
1997/1/2-1/2 (49)}) 7... Ne4 8. Bxe7 Qxe7 9. Nxe4 dxe4 10. Qxe4 Qb4+ 11. Nd2
Qxb2 12. Qb1 Qc3 13. Bd3 c5 14. Ke2 Qa5 15. Nf3 cxd4 16. exd4 Nf6 17. a4 O-O
18. Qb5 $14 {Kortschnoj,V-Nei,I/URS-ch27 Leningrad 1960/1-0 (42)}) 7. Bh4 (7.
Bxf6 Nxf6 8. e3 Be7 9. Bd3 O-O 10. O-O b6 11. cxd5 cxd5 12. Ne5 Bb7 13. Nc6
Bxc6 14. Qxc6 Rc8 15. Qa4 Rc7 $11 {1/2-1/2 Meduna,E-Dgebuadze,A/Ceske
Budejovice op 1993 (29)}) 7... Bd6 (7... Be7 8. e3 O-O 9. Bd3 (9. h3 dxc4 10.
Bxc4 Nd5 11. Bxe7 Qxe7 12. O-O N5b6 13. Bb3 $5 $14 (13. Be2 e5 14. a4 Nd5 15.
Kh1 exd4 16. Nxd4 Ne5 $11 {Rocha,A-Amaral,N/Lisboa-ch 1992/1/2-1/2 (71)})) 9...
c5 (9... dxc4 10. Qxc4 Nd5 11. Bg3 c5 12. O-O Nb4 13. Be4 cxd4 14. Bc7 (14.
Nxd4 Nc5 $132) 14... Qe8 15. Nxd4 Nf6 16. Bf3 Nbd5 17. Be5 $14 {1-0 Galliamova,
I-Lamprecht,F/Vienna Chess Festival Open 1996 (40)}) 10. O-O cxd4 11. Nxd4 Nc5
12. Be2 dxc4 13. Bxc4 Bd7 14. b4 Ba4 15. N2b3 Nce4 16. Rfd1 Qb6 17. a3 $15 {
0-1 Dordzhieva,N-Polyakova,N/ch-RUS (women), Elista RUS 1997 (33)}) 8. e3 O-O
9. Be2 e5 (9... b6 $4 10. O-O $4 (10. cxd5 Bb7 (10... cxd5 11. Qc6 $18) 11.
dxe6 $16 (11. dxc6 $16)) 10... Bb7 11. Rfd1 Qc7 12. Rac1 Rac8 13. Bg3 Bxg3 14.
hxg3 Ba6 $11 {1-0 Muis,G-Van Vossen,R/op Soest NED 1996 (31)}) 10. cxd5 cxd5
11. Bg3 Qe7 (11... Re8 12. O-O Qb6 13. Qb3 Qxb3 14. Nxb3 $14) 12. dxe5 Nxe5 13.
Nxe5 Bxe5 14. Bxe5 Qxe5 15. Nf3 $14 Qe7 (15... Qe4 16. Qd2 $14) 16. Nd4 (16.
O-O Bg4 17. Rac1 Rac8 18. Qb3 $14) 16... Bg4 17. Bd3 $6 $132 (17. Bxg4 Nxg4 18.
O-O Rac8 19. Qf5 $14) 17... Rfc8 18. Qb3 Ne4 19. h3 Bd7 20. Rd1 (20. Bxe4 dxe4
21. O-O $11) 20... Qg5 (20... Nc5 $5 21. Qa3 (21. Qxd5 Nxd3+ 22. Rxd3 Rc1+ 23.
Rd1 Qb4+ 24. Ke2 Bc6 (24... Qxb2+ 25. Rd2 $16) 25. Nxc6 Rc2+ (25... bxc6 26.
Qb3 Qxb3 27. axb3 Rc2+ 28. Rd2 $16) 26. Rd2 bxc6 27. Qd4 Rxd2+ 28. Qxd2 Qc4+
29. Kf3 Qxa2 30. Rc1 (30. Rd1 Rb8 31. Qc2 Qe6 32. Ke2 $11) 30... Rb8 31. Rc2
$11) 21... Ba4 (21... Nxd3+ 22. Qxd3 Qb4+ 23. Qd2 Qxd2+ 24. Kxd2 $14) 22. Bc2
Bxc2 23. Nxc2 Qe4 24. O-O Qxc2 25. Rc1 Qd3 26. Rxc5 Qxa3 27. Rxc8+ Rxc8 28.
bxa3 Rc2 $11) 21. g3 (21. Bf1 Be6 22. Nf3 Qf6 23. Be2 d4 24. Qd3 Qf5 25. Qxd4
Bxa2 26. Bd3 Bd5 27. O-O Qe6 $11) (21. g4 Nc5 22. Qa3) 21... Rc7 22. Be2 (22.
Kf1 Qf6 23. Bxe4 dxe4 24. Kg2 Rd8 $11) 22... Rac8 23. Bf3 (23. Nf3 Qe7 24. Nd4
Qf6 $15) 23... Re8 (23... a6 24. Bg2 Qh5 25. Bf3 $11) 24. h4 Qe5 (24... Qf6 25.
O-O Bh3 26. Bg2 Bg4 $132) 25. O-O Bh3 26. Bg2 Bg4 27. f3 (27. Rc1 Nd2 (27...
Rec8 28. Rxc7 Rxc7 29. Nb5 Re7 30. Rc1 a6 31. Nd4 Nxg3 32. fxg3 (32. Bxd5 Ne4
$44) 32... Qxg3 33. Rf1 Re4 (33... Rxe3 34. Qxd5 $18) 34. Rf2 Rxe3 35. Qxd5
Re1+ 36. Rf1 Qe3+ 37. Kh2 Rxf1 38. Qd8+ Kh7 39. Bxf1 Qf2+ 40. Bg2 f6 41. Nf3
Bxf3 42. Qd3+ Kg8 43. Qxf3 Qxh4+ $11) 28. Qb5 Rce7 29. Rfe1 $14) 27... Nc5 28.
Qa3 Bd7 29. Kf2 Qf6 $2 (29... Ba4 $1 30. Rde1 (30. Rd2 Nb3 $3 $19) (30. f4 Qe7
31. Rd2 b5 (31... Ne4+ 32. Bxe4 Qxa3 33. bxa3 dxe4 34. Nf5 $11) 32. Nf5 Ne4+ (
32... Qe6 33. g4 h5 34. Bxd5 (34. Rxd5 b4 35. Qxb4 Qxd5 $1 $19) 34... Qf6 35.
Qb4 hxg4 36. e4 g6 (36... Nxe4+ 37. Bxe4 Rc4 38. Qd6 Rcxe4 39. Qxf6 gxf6 40.
Kg3 b4 41. Kxg4 $14) 37. Ng3 (37. Nd6 Qxh4+ 38. Ke2 Nxe4 $1 $17) 37... Qxf4+
38. Kg2 Qe3 $15) 33. Bxe4 Qxa3 34. bxa3 dxe4 $11) 30... b5 $5 31. b4 (31. b3 b4
$19) (31. f4 Qf6 32. Kg1 Qb6 (32... a5 33. b3 b4 34. Qc1 Bd7 35. Bxd5 Rcc8 36.
Qd2 Qg6 $44) 33. b4 Ne4 $15) 31... Ne6 32. f4 Qd6 33. Nf5 Qd7 34. Rc1 Bc2 35.
Nd4 Nxd4 36. exd4 Rc4 $17) 30. Kg1 Qe5 31. Kh2 Qxe3 32. Qxa7 Nd3 (32... Qe5 33.
Rfe1 (33. Qa5 $11) 33... Qf6 34. Rxe8+ Bxe8 35. Qb8 Re7 36. Qd8 Nd7 (36... Ne6
37. Nxe6 fxe6 $14) 37. b4 Re3 $132) 33. Qa3 Qxd4 34. Rxd3 Qb6 (34... Qe5 35.
Rd2 Be6 36. Rfd1 $14) 35. Rc3 $2 $17 (35. Rxd5 $4 Re2 36. Rd6 Rcc2 37. Rg1
Qxg1+ 38. Kxg1 Rxg2+ 39. Kh1 Rh2+ 40. Kg1 Rcg2+ 41. Kf1 Bb5+ $19) (35. Rd2 $1
$11) 35... Rxc3 36. bxc3 (36. Qxc3 Re2 $17) 36... Re2 (36... Bc6 37. Qb3 $11)
37. Qa8+ $2 (37. Qb3 Qe6 38. Kh1 (38. Kg1 Qe3+ 39. Kh1 Bc6 $17) 38... Qg6 39.
Kh2 Bc6 $17 (39... Qf5 40. Kh1 Bc6 $17 (40... Rxg2 41. Kxg2 Qh3+ 42. Kf2 Qh2+
43. Ke3 Qxg3 44. Qxd5 Bc6 45. Qd4 $16))) 37... Kh7 38. Qb8 {-+ Why 1/2 ? Maybe
(+)...} (38. Qb8 Rxa2 39. Qe5 Qb2 40. Rg1 Be6 $19) (38. a4 Ra2 39. f4 Bf5 $19)
(38. Qa3 Qe6 39. Kh1 Qg6 (39... Rxg2 40. Kxg2 Qh3+ 41. Kf2 Qh2+ 42. Ke3 Qxg3
43. Qe7 $44) 40. Kh2 Qf5 41. Kh1 Qc2 42. Rg1 Bh3 $19) 1/2-1/2

[Event "RUS-chT 05th"]
[Site "Maikop"]
[Date "1998.06.05"]
[Round "3"]
[White "Ivanov, Sergey"]
[Black "Kharlov, Andrei"]
[Result "0-1"]
[WhiteElo "2570"]
[BlackElo "2560"]
[Annotator "Tsesarsky,I"]
[PlyCount "70"]
[EventDate "1998.06.03"]
[EventType "team-tourn"]
[EventRounds "11"]
[EventCountry "RUS"]
[SourceTitle "CBM 066"]
[Source "ChessBase"]
[SourceDate "1998.09.30"]
[SourceVersion "1"]
[SourceVersionDate "1998.09.30"]
[SourceQuality "1"]
[WhiteTeam "Sankt Petersburg"]
[BlackTeam "Kazan Sberbank-Tatarstan"]
[WhiteTeamCountry "RUS"]
[BlackTeamCountry "RUS"]

1. d4 d5 2. Nf3 e6 3. c4 dxc4 4. Qa4+ c6 5. Qxc4 Nf6 6. Bg5 (6. g3 Nbd7 (6...
a6 7. Bg2 Be7 8. Nc3 b5 9. Qb3 O-O 10. O-O Bb7 11. Rd1 $14 {0-1 Nemeth,M-Kiss,
F/Budapest FS02 IMW 1994 (34)}) 7. Bg2 e5 $6 8. dxe5 Nxe5 $4 9. Nxe5 Qa5+ 10.
Nc3 Qxe5 11. Bxc6+ $18 {1-0 Ilivitsky G-Aronin L/Ch URS, Moscow 1952 (21)})
6... b5 (6... Be7 7. e3 (7. Nc3 $5) 7... O-O 8. Be2 Qa5+ 9. Nc3 Nbd7 10. O-O e5
11. Ne4 $5 (11. Bxf6 Bxf6 12. Ne4 exd4 13. Nxd4 (13. Nxf6+ Nxf6 14. Nxd4 $11)
13... Be5 14. Rfd1 $11) (11. Rfd1 exd4 12. Qxd4 Rd8 13. Rac1 Nc5 14. Qh4 $132)
11... exd4 (11... Nxe4 12. Bxe7 Re8 13. Bb4 Qb6 14. Rad1 $14) 12. Qxd4 Qb6 $11
{1/2-1/2 Ivanchuk,V-Anand,V/Supertorneo Las Palmas 1996 (29)}) (6... h6 7. Bxf6
Qxf6 8. e4 Nd7 9. Nc3 a5 10. Be2 Qd8 11. O-O Be7 12. Rad1 $14 {Krasenkow,
M-Volkov,S/Polish TV KO, Swidnica POL 1997/1-0 (49)}) (6... Qb6 7. Nbd2 Qxb2 8.
Rb1 Qa3 9. e4 b6 10. Qc2 Ba6 11. Bc4 $1 Bxc4 12. Nxc4 Qa6 (12... Bb4+ 13. Ke2
Qc3 14. Qxc3 Bxc3 15. Kd3 Ba5 16. Rhc1 $16) 13. O-O Nxe4 (13... Nbd7 14. Rfe1
$14) 14. Qxe4 Qxc4 15. Rbc1 Qa4 16. Ne5 Bd6 17. Nc4 Bc7 18. d5 $1 $16 {1-0
Sakaev,K-Tregubov,P/ch-RUS, St Petersburg RUS 1998 (28)}) 7. Qc2 Bb7 (7... Be7
8. e4 O-O 9. Bd3 $14) 8. Bxf6 gxf6 (8... Qxf6 9. Nbd2 Nd7 10. e3 a6 11. a4 Bb4
12. Bd3 $14) 9. e3 (9. e4 Rg8 10. Nc3 $14) 9... Nd7 10. Be2 (10. Nbd2 $14)
10... a6 11. a4 b4 (11... Rc8 12. Nbd2 c5 13. d5 (13. axb5 cxd4 14. Qd3 dxe3
15. Qxe3 Bc5 16. Qh6 $132) 13... Qb6 (13... Bxd5 14. axb5 axb5 15. Bxb5 Rb8 16.
Bd3 Qb6 17. e4 Bc6 18. Ra6 Qb7 19. O-O $14) 14. dxe6 fxe6 15. Bd3 $14) 12. Nbd2
$14 c5 13. O-O (13. Nc4 $6 cxd4 14. exd4 (14. Nxd4 Bxg2 15. Rg1 Bd5 $15) 14...
Rc8 15. Qd3 Rg8 16. Ne3 f5 17. O-O Bxf3 18. Bxf3 Ne5 19. Qe2 Nxf3+ 20. Qxf3
Qxd4 21. Qb7 Qc5 22. Nxf5 $1 Qc7 23. Qxc7 Rxc7 24. Ne3 $11) 13... Rc8 14. Nc4 (
14. dxc5 Bxc5 15. Ne4 Be7 16. Qd3 Nb6 17. Rfd1 (17. a5 Qxd3 18. Bxd3 Nc4 $15)
17... Qxd3 18. Bxd3 f5 19. Ned2 Rg8 $11) 14... cxd4 15. Nxd4 (15. exd4 Nb6 16.
b3 Bxf3 17. Bxf3 Nxc4 18. bxc4 Qxd4 $17) 15... Ne5 (15... Rg8 16. Bf3 Bxf3 17.
Nxf3 Qc7 18. b3 Nc5 19. Rac1 $14) 16. b3 (16. Rfd1 Nxc4 (16... Bd5 17. b3 Rg8
18. e4 Bxc4 19. bxc4 Qc7 20. Rac1 Bc5 (20... Ng4 21. Bxg4 Rxg4 22. Qe2 Rg6 23.
c5 $14) 21. Nb3 a5 $11) 17. Bxc4 Rg8 18. g3 Bd5 19. b3 f5 $132) (16. Rfc1 Rg8
17. f3 f5 18. Qb3 Qg5 19. g3 f4 (19... Nxc4 20. Rxc4 Bc5 $11) 20. exf4 Qxf4 21.
Nxe6 fxe6 (21... Rxg3+ 22. hxg3 Qxg3+ 23. Kf1 Qh3+ 24. Kg1 (24. Ke1 Qxe6 (24...
fxe6 25. Nxe5 Qg3+ 26. Kf1 Qh3+ $11) 25. Qe3 $8 Bh6 26. Qxe5 Qxe5 27. Nxe5 Bxc1
28. Nc4 Bf4 $17) 24... Qxe6 $17 (24... Qg3+ $11)) 22. Nd6+ Bxd6 23. Qxe6+ Kd8
24. Rxc8+ Bxc8 25. Qxg8+ Qf8 26. Qxf8+ Bxf8 27. Rd1+ $14) 16... Rg8 17. f3 $2
$17 (17. g3 Qd5 (17... f5 18. Rfd1 Qd5 19. f3 $14) 18. f3 Nxc4 19. Bxc4 Qe5 20.
Rae1 f5 $11) 17... f5 18. Rf2 (18. Rad1 Qg5 19. Rf2 Nxc4 20. Bxc4 Qxe3 $17)
18... f4 $1 (18... Bh6 19. Qd2 Nc6 20. Rd1 Nxd4 21. Qxd4 Qxd4 22. Rxd4 (22.
exd4 Ke7 $15) 22... Ke7 $11) 19. Qd2 (19. exf4 Qxd4 20. fxe5 Qxa1+ $19) (19.
Rd1 fxe3 20. Rff1 Qh4 $19) 19... Nxc4 20. Bxc4 Bc5 21. Rd1 $8 Qd6 (21... e5 $2
22. Re2 $8 fxe3 (22... exd4 $2 23. exd4+ Be7 24. Rxe7+ $1 Kxe7 (24... Qxe7 25.
Re1 Bxf3 26. Rxe7+ Kxe7 27. Qxf4 $18) 25. Qxb4+ $18) (22... Be7 23. Qc2 (23.
Nf5 $2 Bxf3 24. Qxd8+ Rxd8 25. Rxd8+ Bxd8 26. Rf2 Ba8 27. Bxa6 fxe3 28. Rc2 Bb6
29. Kf1 Kd7 $17) 23... exd4 24. Qxh7 Rf8 25. Rxd4 Qc7 26. Rxf4 Bc5 27. Rf6 Qe7
28. Qh6 $14) 23. Qxe3 Rg5 $15) 22. Qd3 $2 $19 (22. Kh1 Rd8 23. Nc2 fxe3 (23...
Qxd2 24. Rfxd2 Rxd2 25. Rxd2 fxe3 26. Re2 Rg5 27. Nxe3 Re5 28. Nf1 Rxe2 29.
Bxe2 Bd5 30. Bxa6 Bxb3 31. a5 Bc2 $17) 24. Qxd6 Rxd6 25. Rff1 (25. Rxd6 exf2
26. Rd2 Bxf3 $19) 25... Rxd1 26. Rxd1 Ke7 27. Re1 Rd8 28. h3 Rd2 29. Nxe3 a5
$17) 22... Rd8 (22... fxe3 23. Qxe3 Rd8 24. Rfd2 Qe7 25. Kh1 e5 26. Nf5 Bxe3
27. Rxd8+ Qxd8 28. Rxd8+ Kxd8 29. Nxe3 $19) 23. Rff1 (23. Rfd2 Qe5 $19) (23.
Kh1 fxe3 24. Qxh7 Qf8 $19) 23... fxe3 24. Ne2 Qxd3 25. Bxd3 (25. Rxd3 Ke7 $19)
25... f5 26. g3 (26. Kh1 Ke7 $19) 26... Rg7 27. Bc4 Rd2 $19 28. Rxd2 exd2+ 29.
Kg2 e5 30. Rd1 Be3 31. Be6 f4 32. Bf5 Rc7 33. gxf4 exf4 34. Be4 Bxe4 35. fxe4
Rc1 0-1

[Event "Scandic Hotels CC"]
[Site "Stockholm"]
[Date "2000.07.29"]
[Round "1"]
[White "Ivanov, Sergey"]
[Black "Matros, Alexander"]
[Result "1/2-1/2"]
[WhiteElo "2574"]
[BlackElo "2425"]
[Annotator "Tsesarsky,I"]
[PlyCount "123"]
[EventDate "2000.07.29"]
[EventType "tourn"]
[EventRounds "9"]
[EventCountry "SWE"]
[EventCategory "10"]
[SourceTitle "CBM 079"]
[Source "ChessBase"]
[SourceDate "2000.11.21"]
[SourceVersion "1"]
[SourceVersionDate "2000.11.21"]
[SourceQuality "1"]

1. d4 d5 2. c4 c6 3. Nf3 e6 4. Bg5 f6 5. Bd2 ({continuations} 5. Bh4) (5. Bf4 {
are analysed in details in the game 1-0 Beliavsky,A-Pavasovic,D/Portoroz 1999/
CBM 72/[Tsesarsky] (43)}) 5... f5 (5... dxc4 {-see detaled comments to the
game 1-0 Beliavsky,A-Pavasovic,D/Portoroz 1999/CBM 72/[Tsesarsky] (43)}) (5...
Nd7 {see comments to the game  0-1 Mikhalevski,V-Skembris,S/Agios Nikolaos
1995/Inf 65/[Skembris,S] (52)}) 6. Nc3 Nf6 7. g3 Bd6 8. Bg2 O-O 9. O-O Nbd7 10.
Qc2 (10. b3 $5) 10... Ne4 (10... dxc4 11. e4 $1 fxe4 12. Nxe4 Nxe4 13. Qxe4 Nf6
14. Qe2 b5 15. Ne5 Nd5 16. Nxc6 Qb6 17. Nb4 Qxd4 18. Rad1 $1 $16) 11. Nxe4 fxe4
12. Ng5 Qf6 13. Be3 (13. Rad1 h6 14. Nh3 g5 15. Bc1 $14 {[%csl Rc8][%cal Gf2f3]
}) 13... h6 14. Nh3 Qf5 (14... e5 $2 15. f3 $1 exf3 16. Rxf3 Qe7 17. Rxf8+ Nxf8
18. cxd5 $16) 15. Nf4 {[%csl Re6][%cal Gg2h3]} (15. Rad1 $5) 15... Nf6 16. Bh3
Ng4 17. Qd2 {[%cal Gf2f3]} (17. Bxg4 Qxg4 18. f3 exf3 19. exf3 Qf5 $11) 17...
Bxf4 $1 (17... g5 $2 18. Nh5 $16 {[%csl Rg4][%cal Gf2f3]} (18. Ng2 $16 {
[%csl Rg4][%cal Gf2f3]})) 18. Bxf4 Qh5 19. Bxg4 Qxg4 20. f3 $14 {Position of
White is better, but appearence of opposite-colours BB makes advantage
realisation very difficult.} Qg6 21. Bd6 Rd8 22. c5 e5 $1 (22... Bd7 23. fxe4
Qxe4 24. Rf4 Qg6 {[%csl Rf8] and Black can't replace Bd7 to e8 because of f8
square weakness.}) 23. dxe5 ({Another take on e5} 23. Bxe5 {also gives to
White serious advantage:} Bh3 24. Rf2 Rf8 25. b4 Rf5 26. a4 Raf8 27. Qe3 (27.
f4 $6 a6 28. e3 Ra8 29. Bd6 {[%csl Rf5][%cal Gd6f8]} Bg4 30. Rff1 Bh3 31. Rfb1
h5 32. b5 axb5 33. axb5 Rxa1 34. Rxa1 cxb5 35. Ra8+ Kh7 $132) 27... exf3 (27...
Bg4 28. Raf1 Bh3 29. fxe4 Rxf2 30. Rxf2 Rxf2 31. Kxf2 Qxe4 32. Qxe4 dxe4 33.
Ke3 Bf5 34. Kf4 Bg6 35. b5 $1 (35. Bb8 a6 36. Ke5 e3 37. Kf4 Bc2 38. Kxe3 (38.
a5 Kf7 39. Kxe3 Ke6 $11 {[%csl Rd5,Re4][%cal Ge6d5]}) 38... Bxa4 39. Kf4 Kf7
40. Ke5 g5 41. e4 Bc2 42. d5 g4 43. Bc7 Ke7 44. Kd4 Kd7 45. Bf4 h5 46. Ke5 Ke7
47. Bg5+ Kf7 $11 {and White can't improve his position}) 35... Kf7 (35... cxb5
36. axb5 Be8 37. Kxe4 Bxb5 38. e3 a5 39. d5 Kf7 40. Bb2 a4 41. Kd4 $18 {
[%cal Ge3e4]}) 36. Bb8 a6 37. b6 Ke6 38. Be5 Bh5 $1 39. Bxg7 Bxe2 40. Bxh6 Kd5
41. Ke3 Bg4 42. a5 Bh3 43. Bg7 Be6 44. h4 Bg4 45. Kf4 Be2 46. g4 Bd1 47. h5 e3
48. Bf6 e2 49. Bh4 Kxd4 50. Be1 $18) 28. exf3 Bg4 29. Raf1 Bh3 30. Re1 Bg4 31.
Bf4 Rxf4 32. gxf4 Bxf3+ 33. Kf1 Be4 34. Qg3 $16) 23... Bh3 24. Rf2 Rd7 25. fxe4
(25. b4) 25... Qxe4 26. Qd3 Rf7 27. Qxe4 dxe4 28. Rd1 Be6 29. a3 Rd8 30. Rd4
Bd5 31. e6 Bxe6 32. Rxe4 Rxf2 33. Kxf2 Kf7 34. Rf4+ Kg6 35. Ra4 a6 36. e4 Rd7
37. Ke3 Rf7 38. Rb4 Bc8 39. Bf4 Rd7 40. Bd6 Rf7 41. Rd4 Bg4 42. Bf4 Rd7 43.
Rd6+ Rxd6 44. cxd6 c5 45. Kd3 Be6 46. Be3 b6 47. b4 cxb4 48. axb4 a5 49. b5 Bd7
50. Kc4 Be6+ 51. Kc3 Bd7 52. Kc4 Be6+ 53. Kd4 Kf7 54. e5 Bh3 55. Ke4 Ke6 56.
Bxb6 Bf1 57. Bxa5 Bxb5 58. Bd8 Bd7 59. Be7 h5 60. Kf4 g6 61. Kg5 Kf7 62. Bd8
1/2-1/2

[Event "Enghien les Bains 2nd"]
[Site "Enghien les Bains"]
[Date "1997.03.18"]
[Round "5"]
[White "Anic, Darko"]
[Black "Dorfman, Josif D"]
[Result "1/2-1/2"]
[WhiteElo "2470"]
[BlackElo "2585"]
[Annotator "Tsesarsky,I"]
[PlyCount "52"]
[EventDate "1997.03.14"]
[EventType "tourn"]
[EventRounds "9"]
[EventCountry "FRA"]
[EventCategory "10"]
[SourceTitle "CBM 058"]
[Source "ChessBase"]
[SourceDate "1997.06.01"]
[SourceVersion "1"]
[SourceVersionDate "1997.06.01"]
[SourceQuality "1"]

1. d4 Nf6 2. Nf3 d5 3. c4 c6 4. e3 e6 5. Nbd2 c5 6. cxd5 Nxd5 7. dxc5 (7. Nb3
cxd4 8. Nbxd4 (8. Qxd4 Nc6 9. Bb5 Bd7 10. Bxc6 Bxc6 11. O-O Nb4 12. Ne5 Bd5 $6
(12... Qc7 $11) 13. Rd1 f6 14. Qg4 fxe5 15. e4 Qd6 (15... Qe7 16. exd5 exd5 17.
Bg5 Qf7 18. Rac1 Nc6 19. Qa4 $14) 16. exd5 Nxd5 (16... exd5 17. Na5 Qc7 18. Bg5
Bc5 19. a3 O-O 20. axb4 Bxf2+ 21. Kh1 $16) 17. Na5 $16 {1-0 Benjamin,
J-Arakhamia,K/Palma de Mallorca GMA 1989 (22)}) 8... Bd7 9. Bc4 Nc6 10. O-O Nb6
11. Bd3 Nxd4 12. Nxd4 Bc5 13. Qg4 g6 14. Bd2 O-O 15. Nb3 Bd6 $11 {1-0 Atalik,
S-O'Donnell,T/Budapest Cansys 1991 (36)}) (7. Bb5+ Bd7 8. Be2 (8. Bxd7+ Nxd7 9.
O-O Be7 10. e4 N5f6 11. d5 $6 exd5 12. e5 Ng4 $17 {0-1 Fernandez,J-Semkov,S/
Sitges op 1992 (57)}) 8... Nc6 9. dxc5 Bxc5 10. O-O O-O 11. Nc4 Qc7 $11 {
1/2-1/2 Giffard,N-Szabolcsi,J/FRA-chT 1995 (50)}) (7. Bc4 Nb6 8. Bb3 Nc6 9.
dxc5 Bxc5 10. O-O O-O 11. Ne4 Be7 12. Bd2 e5 $11 {1-0 Bannik,A-Mnatsakanian,E/
URS-ch30 Erevan 1962 (36)}) 7... Bxc5 8. Nb3 Be7 9. e4 Nb4 $5 (9... Nf6 10.
Qxd8+ Bxd8 11. e5 Nd5 12. Bc4 Bc7 13. O-O Nc6 14. Re1 O-O 15. Bd2 $14) 10. a3 (
10. Bb5+ Bd7 11. Bxd7+ Nxd7 12. a3 Nc6 13. O-O $11) 10... Qxd1+ 11. Kxd1 N4c6
12. Bf4 (12. Be3 O-O 13. Bd3 Rd8 14. Ke2 Bf6 15. Rab1 b6 16. Rhd1 Nd7 $1 $15 {
[%cal Gd7e5]} (16... Ba6 17. Bxa6 Nxa6 18. Nbd4 Nxd4+ 19. Bxd4 Bxd4 20. Nxd4
$14)) 12... O-O 13. Rc1 (13. Bd3 $142 Rd8 14. Ke2 b6 (14... Bf6 15. e5 Be7 16.
Rac1 $14) 15. Rac1 Bb7 16. Rhd1 (16. Rc2 $1 Nd7 17. Rhc1 Rac8 18. Bb5 (18. e5
$14 {[%cal Gd3e4]}) 18... Nc5 19. Nxc5 bxc5 20. Be3 $14) 16... Nd7 17. Bb5 Rac8
18. Bd6 (18. Bxc6 $2 Bxc6 (18... Rxc6 19. Bc7 $18) 19. Nbd4 Bxe4 20. Bc7 Re8
21. Nxe6 (21. Nf5 exf5 22. Rxd7 Bxa3 $19) 21... Nc5 $19) 18... Bf6 19. Rd2 e5
20. Rdc2 Ndb8 21. Bxb8 Nxb8 22. Ke3 $11) 13... Rd8+ 14. Ke1 (14. Nbd2 Bd7 $11 (
14... Nd7 15. Bc7 Rf8 16. Bb5 $14)) 14... Bd7 15. Nc5 $6 $11 (15. Bd3 $5 e5 $2
(15... Be8 16. Ke2 Nd7 17. Rc2 e5 18. Be3 Nf6 19. Rhc1 Bd7 20. h3 Rac8 21. Nc5
Bxc5 (21... Rc7 22. Nxd7 Rcxd7 23. Bb5 $16) 22. Rxc5 $14) 16. Nxe5 Bf6 17. Nxd7
Nxd7 (17... Rxd7 18. Nc5 $16) 18. Rc2 Nde5 19. Be2 $16) 15... Bxc5 16. Rxc5 Be8
17. Rc3 {[%cal Gf1d3,Gf1c4]} Nd7 18. Bd3 (18. Bc4 Nc5 19. e5 Rac8 $11) (18. e5
Nb6) 18... e5 19. Be3 f6 20. Bc4+ Bf7 21. Ke2 $6 $11 (21. Bd5 Bxd5 (21... Ndb8
$2 22. Bxf7+ Kxf7 23. Ke2 Nd7 (23... Na6 24. Rhc1 Rd7 25. b4 Rad8 26. Rc4 (26.
b5 Nd4+ 27. Bxd4 exd4 28. Rc4 $16)) 24. Rhc1 Rac8 25. b4 a6 26. Nd2 Ke6 27. a4
$14) 22. exd5 Ne7 $15) 21... Bxc4+ 22. Rxc4 Nf8 23. Rhc1 Ne6 24. b4 a6 25. g3 (
25. a4 Rd7 $11) 25... Kf7 26. Bb6 Rd7 1/2-1/2